000 00433nmm a2200157Ia 4500
008 251105s9999||||xx |||||||||||||||||und||
020 _a9788499494258
041 _aspa
100 _aEscobar Redondo, Julia
245 0 _aEl último rojo
264 _a[Madrid, España] :
_bLiber Factory,
_c2014
300 _a246 páginas
650 _aSpanish narrative
856 _uhttps://public.digitaliapublishing.com/a/87821
942 _cCF
999 _c93010
_d93010